駅名の平均文字数が多いJR線 - Statistics

General Stats
  • This quiz has been taken 179 times
    177 since last reset
  • The average score is 9 of 23
Answer Stats
順位 路線名 平均 % Correct
6 京葉線 3.421
68%
9 武蔵野線 3.308
68%
8 北陸新幹線 3.333
57%
10 おおさか東線 3.286
57%
2 北海道新幹線 4.500
56%
17 九州新幹線 3.083
53%
5 札沼線 3.571
49%
1 桜島線 4.500
47%
3 JR東西線 4.000
45%
14 仙石線 3.188
41%
7 只見線 3.389
40%
16 上越線 3.111
36%
4 鹿島線 4.000
35%
15 千歳線 3.154
35%
23 筑肥線 3.032
31%
13 留萌本線 3.200
30%
21 富良野線 3.056
28%
11 越美北線 3.227
26%
18 飯山線 3.065
26%
12 吾妻線 3.222
24%
22 久大本線 3.054
22%
20 日田彦山線 3.057
21%
19 吉都線 3.059
20%
No matching quizzes found
Score Distribution
Percent of People with Each Score
Percentile by Number Answered
Your Score History
You have not taken this quiz since the last reset